Dimensions of social issues in Indias North East: (Record no. 9592)

MARC details
000 -LEADER
fixed length control field 00811cam a2200253ua 4500
005 - DATE AND TIME OF LATEST TRANSACTION
control field 20210410121019.0
008 - FIXED-LENGTH DATA ELEMENTS--GENERAL INFORMATION
fixed length control field 190322n ii |||gr||||Z||||||eng
020 ## - INTERNATIONAL STANDARD BOOK NUMBER
International Standard Book Number 9788183701136
040 ## - CATALOGING SOURCE
Transcribing agency MAIN
Original cataloging agency IN-DiNC
041 ## - LANGUAGE CODE
Language code of sung or spoken text English
082 ## - DEWEY DECIMAL CLASSIFICATION NUMBER
Classification number 362.29095416
Item number DIM
245 ## - TITLE STATEMENT
Title Dimensions of social issues in Indias North East:
Remainder of title selections on youth, drugs, education and unemployment/
Statement of responsibility, etc. edited by H Sudhir and Jubita Hajarimayum
250 ## - EDITION STATEMENT
Edition statement 1st ed.
260 ## - PUBLICATION, DISTRIBUTION, ETC.
Place of publication, distribution, etc. New Delhi:
Name of publisher, distributor, etc. Akansha publishing house,
Date of publication, distribution, etc. 2007.
300 ## - PHYSICAL DESCRIPTION
Extent xiii, 150p.
650 ## - SUBJECT ADDED ENTRY--TOPICAL TERM
Topical term or geographic name entry element Social problems in Northeast India
650 ## - SUBJECT ADDED ENTRY--TOPICAL TERM
Topical term or geographic name entry element Drug use
650 ## - SUBJECT ADDED ENTRY--TOPICAL TERM
Topical term or geographic name entry element Unemployment
700 ## - ADDED ENTRY--PERSONAL NAME
Personal name Sudhir, H
Relator term Editor
700 ## - ADDED ENTRY--PERSONAL NAME
Personal name Hajarimayum, Jubita
Relator term Editor
942 ## - ADDED ENTRY ELEMENTS (KOHA)
Koha item type Books
Source of classification or shelving scheme Dewey Decimal Classification
653 ## - INDEX TERM--UNCONTROLLED
Uncontrolled term Sociology & anthropology
653 ## - INDEX TERM--UNCONTROLLED
Uncontrolled term North East studies
Holdings
Withdrawn status Lost status Source of classification or shelving scheme Damaged status Not for loan Collection code Home library Current library Shelving location Date acquired Cost, normal purchase price Full call number Barcode Date last seen Copy number Price effective from Koha item type Total Checkouts
    Dewey Decimal Classification     Sociology Central Library, Naharkatiya College Central Library, Naharkatiya College General Stacks 19/09/2020 350.00 362.29095416 DIM 26556 19/09/2020 2 19/09/2020 Books  
    Dewey Decimal Classification     Sociology Central Library, Naharkatiya College Central Library, Naharkatiya College General Stacks 10/04/2021 350.00 362.29095416 DIM 26524 10/04/2021 1 10/04/2021 Books  

Naharkatiya College © 2020. All rights reserved.

Powered By